000 01091nam a22002057a 4500
005 20241101102641.0
008 230725b ||||| |||| 00| 0 eng d
040 _cSSBUL
_dSSBUL
082 _2၂၃
_a၂၉၄.၃၄၄၃၅ ဂို
_b၁၃၁၂၄ S-SAT
100 1 _aဂိုအင်ကာ၊ အက်စ် အင်။
_928371
245 1 0 _aဓမ္မ ၊
_bဘဝတစ်လျှောက်နေသွားနည်း အတတ်ပညာ /
_cအက်စ်အင် ဂိုအင်ကာ၊ မြန်မာပြန်သူ ပါရဂူ။
260 _aရန်ကုန်၊
_bရွှေပြည်စိုးပုံနှိပ်တိုက်၊
_c၁၉၈၀။
300 _a၃၆၃ စာမျက်နှာ၊
_c၁၈ စင်တီ။
500 _aS-SAT: Dr. Sai Aung Tun
650 _aဗုဒ္ဓတရားတော်
650 _aဗုဒ္ဓဘာသာ
_xကျင့်စဉ်။
_915210
650 _aဝိပဿနာ။
700 _aပါရဂူ
_eဘာသာပြန်သူ
942 _2ddc
_cBK1
999 _c41000
_d41000